| 000 | 00505nam a2200181Ia 4500 | ||
|---|---|---|---|
| 999 |
_c14804 _d14804 |
||
| 003 | OSt | ||
| 005 | 20201021120403.0 | ||
| 008 | 190216s9999||||xx |||||||||||||| ||und|| | ||
| 020 | _a9788130918877 | ||
| 040 | _coclc | ||
| 082 |
_a822.33 _bBLO/W |
||
| 100 |
_aBloom, Harold _95352 |
||
| 245 | 0 |
_aWilliam Shakespeare's Hamlet / _cHarold Bloom |
|
| 260 |
_bViva Books , _c2011. _aNew Delhi: |
||
| 300 | _a159p | ||
| 650 | _aEnglish | ||
| 942 |
_cBK _2ddc _h822.33 _iBLO/W _k822.33 _mBLO/W |
||